Medical Prefixes - Statistics

General Stats
  • This quiz has been taken 19 times
  • The average score is 11 of 94
Answer Stats
Prefix Definition % Correct
anti- against
57%
brady- slow
57%
circum- around
50%
peri- around
50%
auto- self
50%
im- not
43%
in- not
43%
non- not
43%
un- not
43%
supra- above
36%
ante- before
36%
dipl/o- double
36%
quadr/i- four
36%
tetra- four
36%
mon/o- one
36%
uni- one
36%
cyan/o- blue
29%
sinistr/o- left
29%
extra- outside
29%
dextr/o- right
29%
tri- three
29%
infra- below
21%
prim/i- first
21%
multi- many
21%
erythr/o- red
21%
xanth/o- yellow
21%
inter- between
14%
neo- new
14%
normo- normal
14%
tachy- rapid
14%
dia- through
14%
per- through
14%
trans- through
14%
syn-, sym- together
14%
pseudo- false
7%
presby- old
7%
dys- abnormal, painful, difficult
0%
super- above, excess
0%
dis- absence, removal, separation
0%
post- after, behind
0%
re- again, back
0%
contra- against, opposite, opposed
0%
counter- against, opposite, opposed
0%
pan- all
0%
ab- away from
0%
ex/o- away from, outside
0%
mal- bad, poor
0%
pre- before, in front of
0%
pro- before, in front of
0%
retro- behind, backward
0%
sub- below, under
0%
melan/o- black, dark, melanin
0%
met/a- change, after, beyond
0%
ambly- dim
0%
de- down, without, removal, loss
0%
xer/o- dry
0%
tel/e-, tel/o- end, far, at a distance
0%
equi- equal, same
0%
iso- equal, same
0%
acro- extremity, end
0%
olig/o- few, scanty, deficiency of
0%
staphyl/o- grape-like cluster, staphlylococos
0%
hemi- half, one side
0%
semi- half, partial
0%
atel/o- incomplete
0%
end/o- in, within
0%
intra- in, within
0%
macro- large, abnormally large
0%
mega-, megal/o- large, abnormally large
0%
poly- many, much
0%
mes/o- middle
0%
juxta- near, beside
0%
para- near, beside, abnormal
0%
nulli- never
0%
a- not, without, lack of, absence
0%
an- not, without, lack of, absence
0%
epi- on, over
0%
hetero- other, different, unequal
0%
ec- out, outside
0%
ecto- out, outside
0%
hyper- over, excess, increasedm abnormally high
0%
homo-, homeo- same, unchanging
0%
brachy- short
0%
micro- small, one millionth
0%
ortho- straight, correct, upright
0%
pachy- thick
0%
ad- toward, near
0%
eu- true, good, easy, normal
0%
strept/o twisted chain, streptococcus
0%
bi- two, twice
0%
di- two, twice
0%
hypo- under, below, decreased, abnormally low
0%
poikilo- varied, irregular
0%
leuk/o- white, colorless, white blood cell
0%
No matching quizzes found
Score Distribution
Percent of People with Each Score
Percentile by Number Answered
Your Score History
You have not taken this quiz